000 00761nas a2200253 4500
001 BR0603287
003 BR-BrBNA
005 20231205110158.0
007 ta
008 230509b bl.|||p| |||| 00| 00por d
040 _aBR-BrBNA
_bpor
_cBiblioteca Nacional de Agricultura
041 _a(Pt)
072 _aF62
100 1 _aGarcia-Pérez, E.
100 1 _aMartins, A.B.G.
245 1 _aFlorescimento e frutificação de lichieiras em função do anelamento de ramos
650 _aLICHIA
650 _aFRUTIFICAÇÃO
650 _aFRUTO
650 _aMATURAÇÃO
773 0 _tRevista Brasileira de Fruticultura (Brazil)
_xISSN 0100-2945
_g(Apr 2006), v. 28(1) p. 14-17
_wBR0603287
909 _a202311
_bLúcia
_c55
_dLúcia Elande
942 _2AGRIS
_n0
_cANA
999 _c186435
_d186435